[Event "1st Online FIDE Cup for disabled players"]
[Site "T#646224FIDE"]
[Date "2020.05.21"]
[Round "1"]
[White "Evgenijkoishman"]
[Black "REIFENCHUK1"]
[Result "1-0"]
[WhiteElo "1835"]
[BlackElo "1620"]
[Annotator "NA RC"]
[PlyCount "119"]
[EventDate "2020.05.21"]
[EventType "swiss (blitz)"]

1. d4 {[%emt 0:01:38]} Nf6 {[%emt 0:00:06]} 2. Nc3 {[%emt 0:00:01]} d5 {[%emt 0:00:03]} 3. Bg5 {[%emt 0:00:02]} Nbd7 {[%emt 0:00:03]} 4. f3 {[%emt 0:00:02]} c6 {[%emt 0:00:04]} 5. e4 {[%emt 0:00:02]} dxe4 {[%emt 0:00:03]} 6. fxe4 {[%emt 0:00:01]} e5 {[%emt 0:00:01]} 7. dxe5 {[%emt 0:00:04]} Qa5 {[%emt 0:00:02]} 8. Bxf6 {[%emt 0:00:02]} gxf6 {[%emt 0:00:03]} 9. Qf3 {[%emt 0:00:03]} Qxe5 {[%emt 0:01:14]} 10. O-O-O {[%emt 0:00:11]} Bb4 {[%emt 0:00:07]} 11. Nge2 {[%emt 0:00:11]} Nb6 {[%emt 0:00:14]} 12. Nd4 {[%emt 0:00:45]} Bd7 {[%emt 0:00:20]} 13. Be2 {[%emt 0:00:29]} Rg8 {[%emt 0:00:54]} 14. g3 {[%emt 0:00:51]} O-O-O {[%emt 0:00:09]} 15. Rhf1 {[%emt 0:00:06]} Rg6 {[%emt 0:00:06]} 16. Nf5 {[%emt 0:00:23]} Bxc3 {[%emt 0:00:35]} 17. Qxc3 {[%emt 0:00:17]} Qxc3 {[%emt 0:00:32]} 18. bxc3 {[%emt 0:00:50]} Bxf5 {[%emt 0:00:13]} 19. Rxf5 {[%emt 0:00:25]} Rxd1+ {[%emt 0:00:09]} 20. Kxd1 {[%emt 0:00:02]} Nd7 {[%emt 0:00:39]} 21. Bh5 {[%emt 0:00:19]} Rg7 {[%emt 0:00:02]} 22. Ke2 {[%emt 0:00:08]} Kd8 {[%emt 0:00:04]} 23. Ke3 {[%emt 0:00:08]} Ke7 {[%emt 0:00:01]} 24. Kf4 {[%emt 0:00:22]} Rg8 {[%emt 0:00:03]} 25. Be2 {[%emt 0:00:10]} Ne5 {[%emt 0:00:13]} 26. Rh5 {[%emt 0:00:11]} Rg7 {[%emt 0:00:43]} 27. g4 {[%emt 0:00:07]} Nd7 {[%emt 0:00:04]} 28. h4 {[%emt 0:00:10]} Nb6 {[%emt 0:00:09]} 29. Bd3 {[%emt 0:00:26]} Na4 {[%emt 0:00:03]} 30. Ra5 {[%emt 0:00:03]} b5 {[%emt 0:00:35]} 31. Rxa7+ {[%emt 0:00:03]} Kd6 {[%emt 0:00:04]} 32. c4 {[%emt 0:00:03]} Kc5 {[%emt 0:00:10]} 33. cxb5 {[%emt 0:00:03]} cxb5 {[%emt 0:00:01]} 34. Kf5 {[%emt 0:00:11]} h6 {[%emt 0:00:13]} 35. Rb7 {[%emt 0:00:13]} Nc3 {[%emt 0:00:02]} 36. Rc7+ {[%emt 0:00:09]} Kd4 {[%emt 0:00:07]} 37. a4 {[%emt 0:00:12]} Nxa4 {[%emt 0:00:12]} 38. Bxb5 {[%emt 0:00:01]} Nb2 {[%emt 0:00:14]} 39. c4 {[%emt 0:00:07]} Rg8 {[%emt 0:00:08]} 40. Rxf7 {[%emt 0:00:05]} Rd8 {[%emt 0:00:36]} 41. Rxf6 {[%emt 0:00:16]} Nd1 {[%emt 0:00:01]} 42. Rxh6 {[%emt 0:00:07]} Ne3+ {[%emt 0:00:01]} 43. Kg5 {[%emt 0:00:03]} Rg8+ {[%emt 0:00:02]} 44. Rg6 {[%emt 0:00:02]} Rf8 {[%emt 0:00:07]} 45. h5 {[%emt 0:00:04]} Kxe4 {[%emt 0:00:01]} 46. h6 {[%emt 0:00:06]} Kf3 {[%emt 0:00:32]} 47. Bd7 {[%emt 0:00:14]} Nxc4 {[%emt 0:00:09]} 48. h7 {[%emt 0:00:09]} Ne5 {[%emt 0:00:03]} 49. Rg8 {[%emt 0:00:13]} Rf4 {[%emt 0:00:19]} 50. Kh5 {[%emt 0:00:26]} Nf7 {[%emt 0:00:28]} 51. Rf8 {[%emt 0:00:14]} Kg3 {[%emt 0:00:41]} 52. Rxf7 {[%emt 0:00:10]} Rxf7 {[%emt 0:00:01]} 53. h8=Q {[%emt 0:00:02]} Rxd7 {[%emt 0:00:01]} 54. g5 {[%emt 0:00:06]} Rd1 {[%emt 0:00:12]} 55. Qb8+ {[%emt 0:00:03]} Kf2 {[%emt 0:00:07]} 56. Qf8+ {[%emt 0:00:02]} Kg2 {[%emt 0:00:02]} 57. Kg6 {[%emt 0:00:06]} Kg3 {[%emt 0:00:15]} 58. Kg7 {[%emt 0:00:04]} Rd7+ {[%emt 0:00:10]} 59. Kh6 {[%emt 0:00:02]} Rd4 {[%emt 0:00:10]} 60. g6 {[%emt 0:00:05] REIFENCHUK1 Ñäàåòñÿ (Lag: Av=1.09s, max=4.0s)} 1-0

[Event "1st Online FIDE Cup for disabled players"]
[Site "T#646224FIDE"]
[Date "2020.05.21"]
[Round "1"]
[White "Jeni64"]
[Black "Aleksandra_Aleksandrov"]
[Result "1/2-1/2"]
[WhiteElo "1738"]
[BlackElo "1620"]
[Annotator "NA RC"]
[PlyCount "95"]
[EventDate "2020.05.21"]
[EventType "swiss (blitz)"]

1. e4 {[%emt 0:00:09]} e6 {[%emt 0:00:05]} 2. d4 {[%emt 0:00:03]} d6 {[%emt 0:00:04]} 3. Nf3 {[%emt 0:00:05]} c6 {[%emt 0:00:03]} 4. g3 {[%emt 0:00:11]} Nd7 {[%emt 0:00:04]} 5. Bg2 {[%emt 0:00:04]} Qc7 {[%emt 0:00:02]} 6. c4 {[%emt 0:00:36]} Be7 {[%emt 0:00:23]} 7. Nc3 {[%emt 0:00:20]} e5 {[%emt 0:00:11]} 8. dxe5 {[%emt 0:01:03]} dxe5 {[%emt 0:00:13]} 9. Qe2 {[%emt 0:00:28]} Ngf6 {[%emt 0:00:09]} 10. O-O {[%emt 0:00:15]} O-O {[%emt 0:00:03]} 11. b3 {[%emt 0:00:36]} a5 {[%emt 0:00:07]} 12. Bb2 {[%emt 0:00:08]} b6 {[%emt 0:00:14]} 13. Rfd1 {[%emt 0:00:17]} Bb7 {[%emt 0:00:11]} 14. Rd2 {[%emt 0:00:23]} Rad8 {[%emt 0:00:04]} 15. Rad1 {[%emt 0:00:04]} Nc5 {[%emt 0:00:40]} 16. Rxd8 {[%emt 0:00:14]} Rxd8 {[%emt 0:00:41]} 17. Rxd8+ {[%emt 0:00:02]} Bxd8 {[%emt 0:00:02]} 18. Ne1 {[%emt 0:01:17]} Qe7 {[%emt 0:00:52]} 19. Nd3 {[%emt 0:00:14]} Nxd3 {[%emt 0:00:15]} 20. Qxd3 {[%emt 0:00:02]} Bc7 {[%emt 0:00:03]} 21. Kf1 {[%emt 0:00:17]} h6 {[%emt 0:00:11]} 22. f3 {[%emt 0:00:14]} Qd7 {[%emt 0:01:00]} 23. Qxd7 {[%emt 0:00:04]} Nxd7 {[%emt 0:00:03]} 24. Ke2 {[%emt 0:00:10]} f6 {[%emt 0:00:04]} 25. Bh3 {[%emt 0:00:18]} Nc5 {[%emt 0:00:03]} 26. Ba3 {[%emt 0:00:25]} Bd6 {[%emt 0:00:02]} 27. Bc1 {[%emt 0:00:25]} Kf7 {[%emt 0:00:05]} 28. Be3 {[%emt 0:00:06]} Ke7 {[%emt 0:00:22]} 29. Kd2 {[%emt 0:00:15]} Kd8 {[%emt 0:00:12]} 30. Kc2 {[%emt 0:00:03]} Kc7 {[%emt 0:00:03]} 31. Ne2 {[%emt 0:00:07]} Na6 {[%emt 0:00:09]} 32. Kb2 {[%emt 0:00:10]} b5 {[%emt 0:00:25]} 33. cxb5 {[%emt 0:00:25]} cxb5 {[%emt 0:00:02]} 34. a3 {[%emt 0:00:09]} Bc5 {[%emt 0:00:18]} 35. Bxc5 {[%emt 0:00:35]} Nxc5 {[%emt 0:00:02]} 36. Kc3 {[%emt 0:00:07]} Kb6 {[%emt 0:00:22]} 37. Nc1 {[%emt 0:00:16]} g6 {[%emt 0:00:14]} 38. Nd3 {[%emt 0:00:05]} Nxd3 {[%emt 0:00:16]} 39. Kxd3 {[%emt 0:00:02]} Kc5 {[%emt 0:00:02]} 40. Kc3 {[%emt 0:00:22]} b4+ {[%emt 0:00:26]} 41. axb4+ {[%emt 0:00:02]} axb4+ {[%emt 0:00:02]} 42. Kd3 {[%emt 0:00:02]} Ba6+ {[%emt 0:00:17]} 43. Ke3 {[%emt 0:00:02]} Kd6 {[%emt 0:00:06]} 44. f4 {[%emt 0:00:16]} h5 {[%emt 0:00:53]} 45. Bg2 {[%emt 0:00:43]} g5 {[%emt 0:01:18]} 46. fxg5 {[%emt 0:00:13]} fxg5 {[%emt 0:00:03]} 47. Bf3 {[%emt 0:00:03]} g4 {[%emt 0:00:05]} 48. Bd1 {[%emt 0:00:01] Aleksandra_Aleksandrov Ïðåäëàãàåò íèü (Lag: Av=2.15s, max=6.4s)} 1/2-1/2

[Event "1st Online FIDE Cup for disabled players"]
[Site "T#646224FIDE"]
[Date "2020.05.21"]
[Round "1"]
[White "Morphy1977"]
[Black "Denis Palin"]
[Result "1/2-1/2"]
[WhiteElo "1689"]
[BlackElo "1620"]
[Annotator "NA RC"]
[PlyCount "55"]
[EventDate "2020.05.21"]
[EventType "swiss (blitz)"]

1. e4 {[%emt 0:00:08]} e6 {[%emt 0:00:02]} 2. d3 {[%emt 0:00:07]} d5 {[%emt 0:00:11]} 3. Nd2 {[%emt 0:00:11]} Nf6 {[%emt 0:00:05]} 4. Ngf3 {[%emt 0:00:11]} Bc5 {[%emt 0:00:05]} 5. e5 {[%emt 0:00:12]} Nfd7 {[%emt 0:00:02]} 6. d4 {[%emt 0:01:04]} Be7 {[%emt 0:00:02]} 7. Nb3 {[%emt 0:00:36]} b6 {[%emt 0:00:22]} 8. Be3 {[%emt 0:01:01]} c5 {[%emt 0:00:12]} 9. c3 {[%emt 0:00:27]} Ba6 {[%emt 0:00:12]} 10. Bxa6 {[%emt 0:00:53]} Nxa6 {[%emt 0:00:03]} 11. O-O {[%emt 0:00:11]} O-O {[%emt 0:00:03]} 12. Nc1 {[%emt 0:00:46]} c4 {[%emt 0:00:12]} 13. Ne2 {[%emt 0:00:07]} b5 {[%emt 0:00:02]} 14. Nf4 {[%emt 0:00:10]} Nc7 {[%emt 0:00:19]} 15. g3 {[%emt 0:00:15]} b4 {[%emt 0:00:06]} 16. cxb4 {[%emt 0:00:19]} Bxb4 {[%emt 0:00:05]} 17. a4 {[%emt 0:00:07]} Be7 {[%emt 0:00:16]} 18. Kg2 {[%emt 0:00:11]} Rb8 {[%emt 0:00:02]} 19. Qc2 {[%emt 0:00:10]} g6 {[%emt 0:01:06]} 20. h4 {[%emt 0:00:10]} f5 {[%emt 0:01:44]} 21. exf6 {[%emt 0:00:15]} Bxf6 {[%emt 0:00:01]} 22. h5 {[%emt 0:00:07]} g5 {[%emt 0:00:11]} 23. Ng6 {[%emt 0:00:22]} hxg6 {[%emt 0:00:48]} 24. Qxg6+ {[%emt 0:00:04]} Kh8 {[%emt 0:00:01]} 25. Qh6+ {[%emt 0:00:32]} Kg8 {[%emt 0:00:02]} 26. Qg6+ {[%emt 0:00:08]} Kh8 {[%emt 0:00:10]} 27. Qh6+ {[%emt 0:00:12]} Kg8 {[%emt 0:00:01]} 28. Qg6+ {[%emt 0:00:04] (Lag: Av=0.47s, max=0.8s)} 1/2-1/2

[Event "1st Online FIDE Cup for disabled players"]
[Site "T#646224FIDE"]
[Date "2020.05.21"]
[Round "1"]
[White "BandaNimzo"]
[Black "Matthias Dorner"]
[Result "0-1"]
[WhiteElo "1661"]
[BlackElo "1620"]
[Annotator "NA RC"]
[PlyCount "90"]
[EventDate "2020.05.21"]
[EventType "swiss (blitz)"]

1. d4 {[%emt 0:00:07]} c6 {[%emt 0:00:01]} 2. Nf3 {[%emt 0:00:04]} d5 {[%emt 0:00:01]} 3. e3 {[%emt 0:00:03]} Nf6 {[%emt 0:00:01]} 4. Be2 {[%emt 0:00:04]} Bf5 {[%emt 0:00:03]} 5. Nbd2 {[%emt 0:00:06]} e6 {[%emt 0:00:03]} 6. O-O {[%emt 0:00:05]} Nbd7 {[%emt 0:00:03]} 7. c4 {[%emt 0:00:07]} h6 {[%emt 0:00:03]} 8. a3 {[%emt 0:00:04]} Bd6 {[%emt 0:00:03]} 9. b4 {[%emt 0:00:20]} O-O {[%emt 0:00:03]} 10. Bb2 {[%emt 0:00:08]} Ne4 {[%emt 0:00:03]} 11. Rc1 {[%emt 0:00:11]} a6 {[%emt 0:00:04]} 12. Re1 {[%emt 0:00:19]} b5 {[%emt 0:00:05]} 13. cxd5 {[%emt 0:00:06]} cxd5 {[%emt 0:00:02]} 14. Nb3 {[%emt 0:00:03]} Nb6 {[%emt 0:00:03]} 15. Nfd2 {[%emt 0:00:09]} Nc4 {[%emt 0:00:06]} 16. Nxc4 {[%emt 0:00:03]} bxc4 {[%emt 0:00:08]} 17. Nc5 {[%emt 0:00:07]} Qe7 {[%emt 0:00:06]} 18. g3 {[%emt 0:00:10]} Rfb8 {[%emt 0:00:10]} 19. Bf3 {[%emt 0:00:10]} Nf6 {[%emt 0:00:06]} 20. e4 {[%emt 0:00:31]} dxe4 {[%emt 0:00:04]} 21. Nxe4 {[%emt 0:00:08]} Nxe4 {[%emt 0:00:01]} 22. Bxe4 {[%emt 0:00:03]} Bxe4 {[%emt 0:00:01]} 23. Rxe4 {[%emt 0:00:04]} Qb7 {[%emt 0:00:05]} 24. Re1 {[%emt 0:00:27]} Qd5 {[%emt 0:00:05]} 25. Qe2 {[%emt 0:00:15]} Rc8 {[%emt 0:00:02]} 26. Rc2 {[%emt 0:00:04]} a5 {[%emt 0:00:06]} 27. Bc3 {[%emt 0:00:10]} axb4 {[%emt 0:00:02]} 28. axb4 {[%emt 0:00:07]} Ra3 {[%emt 0:00:08]} 29. Rb1 {[%emt 0:00:16]} Rb3 {[%emt 0:00:06]} 30. Qd1 {[%emt 0:00:39]} Ra8 {[%emt 0:00:26]} 31. Rcc1 {[%emt 0:00:18]} Raa3 {[%emt 0:00:15]} 32. Qd2 {[%emt 0:00:29]} Qe4 {[%emt 0:00:15]} 33. Rxb3 {[%emt 0:00:19]} Rxb3 {[%emt 0:00:03]} 34. Re1 {[%emt 0:00:20]} Qd3 {[%emt 0:00:08]} 35. Re2 {[%emt 0:00:17]} Rxc3 {[%emt 0:00:09]} 36. Qa2 {[%emt 0:00:17]} Qf3 {[%emt 0:00:11]} 37. Re1 {[%emt 0:00:06]} Bxb4 {[%emt 0:00:05]} 38. Ra1 {[%emt 0:00:15]} Ra3 {[%emt 0:00:04]} 39. Qb1 {[%emt 0:00:06]} Qb3 {[%emt 0:00:08]} 40. Qf1 {[%emt 0:00:11]} Rxa1 {[%emt 0:00:07]} 41. Qxa1 {[%emt 0:00:05]} c3 {[%emt 0:00:01]} 42. Qa8+ {[%emt 0:00:13]} Bf8 {[%emt 0:00:02]} 43. Qf3 {[%emt 0:00:07]} Qb1+ {[%emt 0:00:03]} 44. Kg2 {[%emt 0:00:06]} c2 {[%emt 0:00:01]} 45. d5 {[%emt 0:00:10]} c1=Q {[%emt 0:00:04] BandaNimzo resigns (Lag: Av=0.67s, max=0.9s)} 0-1

[Event "1st Online FIDE Cup for disabled players"]
[Site "T#646224FIDE"]
[Date "2020.05.21"]
[Round "1"]
[White "Andrei_Gurbanov"]
[Black "Aigner_Michael"]
[Result "1-0"]
[WhiteElo "1620"]
[BlackElo "1698"]
[Annotator "NA RC"]
[PlyCount "41"]
[EventDate "2020.05.21"]
[EventType "swiss (blitz)"]

1. d4 {[%emt 0:00:03]} f5 {[%emt 0:00:07]} 2. Qd3 {[%emt 0:00:05]} d5 {[%emt 0:00:06]} 3. g4 {[%emt 0:00:02]} e6 {[%emt 0:00:27]} 4. Nc3 {[%emt 0:00:11]} Nf6 {[%emt 0:00:30]} 5. gxf5 {[%emt 0:00:07]} exf5 {[%emt 0:00:02]} 6. Bf4 {[%emt 0:00:02]} c6 {[%emt 0:00:03]} 7. O-O-O {[%emt 0:00:03]} Bd6 {[%emt 0:00:09]} 8. Bxd6 {[%emt 0:00:04]} Qxd6 {[%emt 0:00:03]} 9. e3 {[%emt 0:00:10]} O-O {[%emt 0:00:02]} 10. Nf3 {[%emt 0:00:10]} Ne4 {[%emt 0:00:04]} 11. Qe2 {[%emt 0:00:03]} Nd7 {[%emt 0:00:12]} 12. Rg1 {[%emt 0:00:14]} b6 {[%emt 0:00:36]} 13. Nxe4 {[%emt 0:00:06]} fxe4 {[%emt 0:00:03]} 14. Ng5 {[%emt 0:00:01]} Nf6 {[%emt 0:00:32]} 15. f4 {[%emt 0:00:20]} Bf5 {[%emt 0:00:49]} 16. Bh3 {[%emt 0:00:15]} Qd7 {[%emt 0:00:12]} 17. Bxf5 {[%emt 0:00:02]} Qxf5 {[%emt 0:00:01]} 18. Qg2 {[%emt 0:00:01]} Rf7 {[%emt 0:00:09]} 19. Nxf7 {[%emt 0:00:02]} Kxf7 {[%emt 0:00:18]} 20. Qxg7+ {[%emt 0:00:04]} Ke6 {[%emt 0:00:01]} 21. Rg5 {[%emt 0:00:05] Aigner_Michael resigns (Lag: Av=0.56s, max=0.9s)} 1-0

[Event "1st Online FIDE Cup for disabled players"]
[Site "T#646224FIDE"]
[Date "2020.05.21"]
[Round "1"]
[White "Gonchigdorj_Gombo"]
[Black "ValentaVitFM1978"]
[Result "0-1"]
[WhiteElo "1620"]
[BlackElo "1827"]
[Annotator "NA RC"]
[PlyCount "54"]
[EventDate "2020.05.21"]
[EventType "swiss (blitz)"]

1. d4 {[%emt 0:00:15]} Nf6 {[%emt 0:00:05]} 2. Nf3 {[%emt 0:00:11]} g6 {[%emt 0:00:03]} 3. Bg5 {[%emt 0:00:46]} Bg7 {[%emt 0:00:05]} 4. g3 {[%emt 0:01:07]} d6 {[%emt 0:00:05]} 5. Nc3 {[%emt 0:00:09]} Nbd7 {[%emt 0:00:12]} 6. Qd2 {[%emt 0:00:46]} h6 {[%emt 0:00:13]} 7. Bxf6 {[%emt 0:00:15]} Nxf6 {[%emt 0:00:07]} 8. Bg2 {[%emt 0:00:03]} O-O {[%emt 0:00:04]} 9. O-O {[%emt 0:00:05]} c6 {[%emt 0:00:04]} 10. e3 {[%emt 0:00:50]} Qc7 {[%emt 0:00:11]} 11. Rad1 {[%emt 0:02:04]} Bg4 {[%emt 0:00:37]} 12. h3 {[%emt 0:00:16]} Bd7 {[%emt 0:00:17]} 13. Qc1 {[%emt 0:01:28]} e5 {[%emt 0:00:20]} 14. e4 {[%emt 0:01:55]} Rfe8 {[%emt 0:00:15]} 15. d5 {[%emt 0:00:04]} cxd5 {[%emt 0:00:37]} 16. Nxd5 {[%emt 0:00:02]} Nxd5 {[%emt 0:00:05]} 17. Rxd5 {[%emt 0:00:02]} Bc6 {[%emt 0:00:04]} 18. Rdd1 {[%emt 0:00:14]} Bxe4 {[%emt 0:00:04]} 19. Rfe1 {[%emt 0:00:03]} Bc6 {[%emt 0:00:06]} 20. c3 {[%emt 0:00:03]} Rad8 {[%emt 0:00:09]} 21. Nh2 {[%emt 0:00:14]} d5 {[%emt 0:00:22]} 22. Ng4 {[%emt 0:00:09]} Kh7 {[%emt 0:00:03]} 23. Ne3 {[%emt 0:00:06]} d4 {[%emt 0:00:50]} 24. cxd4 {[%emt 0:00:04]} exd4 {[%emt 0:00:02]} 25. Bxc6 {[%emt 0:00:09]} bxc6 {[%emt 0:01:10]} 26. Nd5 {[%emt 0:00:10]} Rxe1+ {[%emt 0:00:11]} 27. Rxe1 {[%emt 0:00:03]} Rxd5 {[%emt 0:00:03] Time (Lag: Av=0.58s, max=0.9s)} 0-1

[Event "1st Online FIDE Cup for disabled players"]
[Site "T#646224FIDE"]
[Date "2020.05.21"]
[Round "1"]
[White "Guannan_Song"]
[Black "yurmesh"]
[Result "0-1"]
[WhiteElo "1620"]
[BlackElo "1995"]
[Annotator "TA"]
[PlyCount "84"]
[EventDate "2020.05.21"]
[EventType "swiss (blitz)"]

{[%evp 11,83,9,10,11,13,19,27,-8,3,12,11,0,-16,-25,0,0,0,-22,0,-19,0,-6,0,-9,15,0,0,0,-9,0,46,16,11,0,0,0,0,-35,-33,-39,-35,-58,-16,-70,-57,-57,-32,-86,-69,-93,-8,-68,-65,-76,-43,-50,-48,-40,-6,-197,-202,-534,-542,-511,-322,-1058,-620,-602,-594,-29997,-29998,-29998,-29999,-29999]} 1. e4 e5 2. Nf3 Nc6 3. Bc4 Bc5 4. c3 Nf6 5. d3 d6 6. Bb3 h6 7. h3 {C54: Giuoco Piano: 4 c3 Nf6, main lines with 5 d4 and 5 d3.} a6 8. Nbd2 {[%cal Bb1d2,Bd2f1,Bf1g3,Bg3f5][%mdl 32]} Be6 9. Qe2 {White has an edge.} Bxb3 10. axb3 O-O 11. Nf1 d5 12. Ng3 {[#]} Re8 $146 ({Predecessor:} 12... dxe4 13. dxe4 Qd7 14. b4 Bb6 15. Nd2 Rad8 16. Nc4 Ba7 17. Be3 Bxe3 18. Nxe3 Ne7 {½-½ (70) McDonald,N (2485)-Ippolito,D (2435) London 1998}) 13. O-O Bf8 14. Nf5 Kh7 15. g4 g6 16. Ng3 Qd7 17. Kg2 Bg7 18. b4 Rad8 19. g5 Ng8 20. gxh6 Nxh6 21. Bg5 f6 22. Bd2 dxe4 23. dxe4 Qd3 24. Rad1 Qxe2 25. Nxe2 Nf7 26. Bc1 Rd6 27. Rxd6 (27. h4 $11) 27... Nxd6 $15 28. Ng3 Nd8 29. Ng1 (29. h4 $15) 29... Ne6 30. N1e2 g5 (30... Bh6 $17 31. Bxh6 Kxh6) 31. f3 (31. Rh1 $11) 31... Kg6 32. Rd1 Re7 33. b3 Nf4+ 34. Nxf4+ exf4 35. Nh1 $2 {This move loses the game for White.} (35. Ne2 $11) 35... f5 $19 36. exf5+ $2 (36. Nf2) 36... Nxf5 37. c4 Bd4 {[#] And now ...Re2+ would win.} 38. Rd2 $2 (38. Kf1) 38... Nh4+ 39. Kf1 Nxf3 {( -> ...Re1+)} 40. Rd3 Re1+ {[%mdl 64] [#] Double Attack. Black mates.} 41. Kg2 Nh4+ 42. Kh2 Bg1# {Accuracy: White = 48%, Black = 68%.} 0-1

[Event "1st Online FIDE Cup for disabled players"]
[Site "T#646224FIDE"]
[Date "2020.05.21"]
[Round "1"]
[White "Ikemat35"]
[Black "Shahpalangov"]
[Result "0-1"]
[WhiteElo "1620"]
[BlackElo "1686"]
[Annotator "NA RC"]
[PlyCount "62"]
[EventDate "2020.05.21"]
[EventType "swiss (blitz)"]

1. d4 {[%emt 0:00:07]} d5 {[%emt 0:00:10]} 2. c4 {[%emt 0:00:05]} e6 {[%emt 0:00:06]} 3. e3 {[%emt 0:00:15]} Nf6 {[%emt 0:00:07]} 4. Nc3 {[%emt 0:00:03]} Be7 {[%emt 0:00:07]} 5. Nf3 {[%emt 0:00:26]} O-O {[%emt 0:00:07]} 6. Be2 {[%emt 0:00:04]} Nbd7 {[%emt 0:00:09]} 7. O-O {[%emt 0:00:21]} a6 {[%emt 0:00:07]} 8. cxd5 {[%emt 0:00:20]} exd5 {[%emt 0:00:09]} 9. b3 {[%emt 0:00:20]} Re8 {[%emt 0:00:23]} 10. Bb2 {[%emt 0:00:04]} Bd6 {[%emt 0:00:24]} 11. Rc1 {[%emt 0:00:32]} c6 {[%emt 0:00:24]} 12. Bd3 {[%emt 0:00:37]} Nf8 {[%emt 0:00:48]} 13. Ne2 {[%emt 0:00:07]} Bg4 {[%emt 0:00:15]} 14. Ng3 {[%emt 0:00:03]} Bxg3 {[%emt 0:02:07]} 15. hxg3 {[%emt 0:00:04]} Ne4 {[%emt 0:00:14]} 16. Be2 {[%emt 0:00:09]} Qe7 {[%emt 0:00:36]} 17. Nd2 {[%emt 0:01:16]} Bxe2 {[%emt 0:00:15]} 18. Qxe2 {[%emt 0:00:01]} Nd7 {[%emt 0:00:30]} 19. Nxe4 {[%emt 0:00:04]} Qxe4 {[%emt 0:00:03]} 20. Qf3 {[%emt 0:00:28]} Qg6 {[%emt 0:00:07]} 21. Rfd1 {[%emt 0:00:31]} Nf6 {[%emt 0:00:12]} 22. Ba3 {[%emt 0:00:34]} Ng4 {[%emt 0:00:05]} 23. Qf4 {[%emt 0:00:24]} Re6 {[%emt 0:01:54]} 24. f3 {[%emt 0:01:16]} Nxe3 {[%emt 0:00:24]} 25. Re1 {[%emt 0:00:02]} Qd3 {[%emt 0:01:00]} 26. Kf2 {[%emt 0:02:52]} Qd2+ {[%emt 0:00:10]} 27. Re2 {[%emt 0:00:08]} Nd1+ {[%emt 0:00:08]} 28. Kg1 {[%emt 0:00:12]} Qxe2 {[%emt 0:00:25]} 29. g4 {[%emt 0:00:25]} Qf2+ {[%emt 0:00:14]} 30. Kh2 {[%emt 0:00:01]} Qh4+ {[%emt 0:00:07]} 31. Kg1 {[%emt 0:00:02]} Re1# {[%emt 0:00:04] (Lag: Av=0.85s, max=5.7s)} 0-1

[Event "1st Online FIDE Cup for disabled players"]
[Site "T#646224FIDE"]
[Date "2020.05.21"]
[Round "1"]
[White "LongGong"]
[Black "Lipilin_Ilia2002"]
[Result "0-1"]
[WhiteElo "1620"]
[BlackElo "1620"]
[Annotator "NA RC"]
[PlyCount "58"]
[EventDate "2020.05.21"]
[EventType "swiss (blitz)"]

1. e4 {[%emt 0:00:03]} c5 {[%emt 0:00:03]} 2. Nf3 {[%emt 0:00:06]} Nc6 {[%emt 0:00:02]} 3. Nc3 {[%emt 0:00:18]} e5 {[%emt 0:00:08]} 4. Bc4 {[%emt 0:00:25]} Be7 {[%emt 0:00:13]} 5. O-O {[%emt 0:00:23]} Nf6 {[%emt 0:00:05]} 6. d3 {[%emt 0:00:22]} O-O {[%emt 0:00:05]} 7. Be3 {[%emt 0:00:07]} d6 {[%emt 0:00:02]} 8. h3 {[%emt 0:00:05]} a6 {[%emt 0:00:08]} 9. a3 {[%emt 0:00:07]} Be6 {[%emt 0:00:10]} 10. Nd5 {[%emt 0:00:19]} Nd7 {[%emt 0:00:22]} 11. Nxe7+ {[%emt 0:00:44]} Qxe7 {[%emt 0:00:05]} 12. Bg5 {[%emt 0:00:08]} f6 {[%emt 0:00:09]} 13. Bh4 {[%emt 0:00:11]} Rad8 {[%emt 0:00:13]} 14. Qd2 {[%emt 0:00:12]} Nd4 {[%emt 0:00:10]} 15. Nxd4 {[%emt 0:00:35]} cxd4 {[%emt 0:00:03]} 16. Bxe6+ {[%emt 0:02:01]} Qxe6 {[%emt 0:00:04]} 17. b3 {[%emt 0:00:09]} Rc8 {[%emt 0:00:05]} 18. Rfc1 {[%emt 0:00:58]} Rc3 {[%emt 0:00:07]} 19. a4 {[%emt 0:00:54]} Rfc8 {[%emt 0:00:11]} 20. a5 {[%emt 0:00:17]} Nc5 {[%emt 0:01:04]} 21. f3 {[%emt 0:00:22]} Qd7 {[%emt 0:00:04]} 22. Bf2 {[%emt 0:00:16]} Qc6 {[%emt 0:00:04]} 23. f4 {[%emt 0:00:26]} Nxb3 {[%emt 0:00:16]} 24. cxb3 {[%emt 0:00:03]} Rxc1+ {[%emt 0:00:03]} 25. Rxc1 {[%emt 0:00:16]} Qxc1+ {[%emt 0:00:00]} 26. Qxc1 {[%emt 0:00:03]} Rxc1+ {[%emt 0:00:03]} 27. Kh2 {[%emt 0:00:05]} Rc3 {[%emt 0:00:03]} 28. fxe5 {[%emt 0:00:03]} dxe5 {[%emt 0:00:02]} 29. b4 {[%emt 0:00:05]} Rxd3 {[%emt 0:00:03] LongGong resigns (Lag: Av=1.15s, max=5.1s)} 0-1